00829nam a22002294a 450000100060000000300080000600500170001400800390003102000220007003500140009204000320010604100080013808200260014610000280017224501010020026000930030130000330039450400510042765000520047865000490053070000200057937058BD-RjUL20211209052555.0141012s20032001njua b 001 0 eng a0130910856 (pbk.) a(BD-RjUL) aDLCcDLCdDLCdBD-RjULbeng aeng00a174.957221bBOG 20031 aBoylan, Michael,d1952-10aGenetic engineering :bscience and ethics on the new frontier /cMichael Boylan, Kevin E. Brown. aUpper Saddle River, N.J. ;aNew Delhi :bPrentice Hall/Pearson ,cc2001 [Reprinted 2003] axi, 196 p. :bill. ;c23 cm. aIncludes bibliographical references and index. 0aGenetic engineeringxMoral and ethical aspects. 0aMedical geneticsxMoral and ethical aspects.1 aBrown, Kevin E.